Every Premier League goalscorer for Bournemouth - Statistics

General Stats
  • This quiz has been taken 5 times
  • The average score is 23 of 39
Answer Stats
Answer % Correct
Callum Wilson
100%
Dominic Solanke
100%
Harry Wilson
100%
Jordan Ibe
100%
Junior Stanislas
100%
Matt Ritchie
100%
Steve Cook
100%
Adam Smith
75%
Alex Scott
75%
Antoine Semenyo
75%
Benik Afobe
75%
Charlie Daniels
75%
David Brooks
75%
Enes Ünal
75%
Jaidon Anthony
75%
Joshua King
75%
Marcos Senesi
75%
Marc Pugh
75%
Philip Billing
75%
Ryan Fraser
75%
Andrew Surman
50%
Dango Ouattara
50%
Harry Arter
50%
Illia Zabarnyi
50%
Jefferson Lerma
50%
Jermain Defoe
50%
Justin Kluivert
50%
Luis Sinisterra
50%
Nathan Aké
50%
Ryan Christie
50%
Chris Mepham
25%
Dan Gosling
25%
Kieffer Moore
25%
Lys Mousset
25%
Marcus Tavernier
25%
Tommy Elphick
25%
Glenn Murray
0%
Matías Viña
0%
Max Gradel
0%
No matching quizzes found
Score Distribution
Percent of People with Each Score
Percentile by Number Answered
Your Score History
You have not taken this quiz